000 01075nam a2200217 a 4500
001 56813
005 20180714052740.0
008 140415s2004 mx 000 0 spa d
020 _a9682325447
041 _aspa
082 _a664.0240972
_bMUÑ
245 0 0 _aALIMENTOS TRANSGENICOS. :
_bCIENCIA , AMBIENTE Y MERCADO: UN DEBATE ABIERTO
250 _a1a ed.
260 _aMEXICO :
_bSIGLO XXI EDITORES,
_c2004
300 _a232
_c13.5 x 1.7 x 21
490 _aCUADERNOS DEL SEMINARIO DE PROBLEMAS CIENTIFICOS Y FILOSOFICOS DE LA UNAM
500 _aJULIO MUÑOZ RUBIO ES COORDINADOR EN ESTA OBRA
520 _aEN ESTE LIBRO ES PRACTICAMENTE LA PRIMERA VEZ EN LA QUE SE LOGRA REUNIR LAS CONTRIBUCIONES DE LA MAYORIA DE LOS PRINCIPALES ESTUDIOS DEL PROBLEMA DE LOS ALIMENTOS TRANSGENICOS EN MEXICO. EN EL ESTAN REPRESENTADAS LAS DIVERSAS POSICIONES QUE AL RESPECTO SE ESTEN MANIFESTANDO EN NUESTRO PAIS.
650 1 4 _aBIOTECNOLOGIA
_xALIMENTOS
_xTECNOLOGIA DE ALIMENTOS
_xINGENIERIA GENETICA
_xSALUD PUBLICA
_xMEXICO
700 1 _aMUÑOZ RUBIO, JULIO
_ecoaut.
999 _c56813
_d56813